Statistics for Aerosmith Discography

Click here to take the quiz!

General Stats

  • This quiz has been taken 22 times
  • The average score is 17 of 44

Answer Stats

Type Year Name % Correct
Album1973Aerosmith
100%
Album1975Toys in the Attic
100%
Album1976Rocks
89%
Compilation1980Greatest Hits
74%
Album1987Permanent Vacation
68%
Album1977Draw the Line
68%
Album1979Night in the Ruts
68%
Album1974Get Your Wings
68%
Album1985Done with Mirrors
68%
Album2001Just Push Play
63%
Album1993Get a Grip
63%
Album1989Pump
63%
Album2004Honkin' on Bobo
63%
Album1997Nine Lives
58%
Compilation1994Big Ones
53%
Album1982Rock in a Hard Place
47%
Live Album1978Live! Bootleg
47%
Album2012Music from Another Dimension!
47%
Live Album1987Classics Live! II
42%
Box Set1991Pandora's Box
42%
Live Album1986Classics Live!
42%
Live Album1998A Little South of Sanity
42%
Compilation1988Gems
37%
Box Set1994Box of Fire
37%
Compilation2006Devil's Got a New Disguise: The Very Best of Aerosmith
32%
Compilation200720th Century Masters - The Millennium Collection: The Best of Aerosmith
26%
Video Album1990The Making of Pump
21%
Video Album1989Things That Go Pump in the Night
21%
Video Album2004You Gotta Move
21%
EP1997Made in America
21%
Compilation2001Young Lust: The Aerosmith Anthology
21%
Live Album2005Rockin' the Joint
16%
Compilation2011The Essential Aerosmith
16%
Compilation1994Pandora's Toys
16%
Video Album1994Big Ones You Can Look At
16%
EP1988Vacation Club
16%
Compilation2011Tough Love: Best of the Ballads
11%
Video Album1987Aerosmith Video Scrapbook
11%
Compilation2002O, Yeah! Ultimate Aerosmith Hits
5%
Compilation2002Classic Aerosmith: The Universal Masters Collection
5%
Video Album2015Aerosmith Rocks Donington 2014
5%
Video Album1978Live Texxas Jam '78
5%
Video Album1988Permanent Vacation 3x5
5%
Video Album2013Rock for the Rising Sun
5%

Score Distribution

Percentile by Number Answered

Percent of People with Each Score

Your Score History

You have not taken this quiz